[Event "30. Augsburger Friedensfest-Open"]
[Site "Augsburg"]
[Date "2025.08.09"]
[Round "6.34"]
[White "Mayer, Manuel"]
[Black "Wezel, Sebastian"]
[Result "0-1"]
[WhiteElo "1900"]
[BlackElo "1965"]
[EventDate "2025.08.07"]
[Time "15:30:00"]
[WhiteNrv "1900"]
[BlackNrv "1965"]
[WhiteTwz "1900"]
[BlackTwz "1965"]
[WhiteFideId "34636838"]
[BlackFideId "24677884"]
[WhiteNatFedId "10762354"]
[BlackNatFedId "10240928"]
[WhiteAttr "M"]
[BlackAttr "M"]
[WhiteTeam "TSV Landsberg 1882"]
[BlackTeam "SV Dettingen Erms"]

1.d4 Nf6 2.c4 g6 3.Nc3 Bg7 4.e4 d6 5.f3 O-O 6.Be3 c5 7.d5 e6 8.Be2 exd5 9.
cxd5 a6 10.a4 Re8 11.Qd2 Qc7 12.Bh6 Bxh6 13.Qxh6 c4 14.Nh3 Bxh3 15.Qxh3 
Qc5 16.Qh4 Nbd7 17.Qf2 Qb4 18.Ra2 b5 19.O-O Nc5 20.Qd4 Nfd7 21.Bd1 Nd3 22.
Bc2 N7c5 23.Bxd3 Nxd3 24.Rfa1 Rab8 25.axb5 axb5 26.h4 h5 27.Qf6 Qc5+ 28.
Kh2 Ne5 29.Ra7 b4 30.Ne2 Qf2 31.Nf4 Nxf3+ 32.Kh3 Ne5 33.Nxh5 Qe3+ 34.Ng3 
c3 35.bxc3 bxc3 36.Rc7 c2 37.Rxc2 Rb3 38.Qg5 Qxe4 39.Rd2 f6 40.Qxf6 Qg4+ 
41.Kh2 Qxg3+ 42.Kg1 Nf3+ 43.Qxf3 Rxf3 44.Rda2 Re1+ 45.Rxe1 Qxe1+ 46.Kh2 
Qxh4+ 47.Kg1 Re3 48.Ra1 Re1+ 0-1

[Event "30. Augsburger Friedensfest-Open"]
[Site "Augsburg"]
[Date "2025.08.09"]
[Round "6.35"]
[White "Heilig, Tim Markus"]
[Black "Vuong, Anh-Tu"]
[Result "1/2-1/2"]
[WhiteElo "1868"]
[BlackElo "1963"]
[EventDate "2025.08.07"]
[Time "15:30:00"]
[WhiteNrv "1868"]
[BlackNrv "1963"]
[WhiteTwz "1868"]
[BlackTwz "1963"]
[WhiteFideId "16295935"]
[BlackFideId "34658920"]
[WhiteNatFedId "10692999"]
[BlackNatFedId "10232351"]
[WhiteAttr "M"]
[BlackAttr "*"]
[WhiteTeam "SF 1876 Goeppingen"]
[BlackTeam "SG Schwabing Muenchen Nord e.V."]

1.d4 Nf6 2.Nc3 d5 3.Bf4 g6 4.e3 Bg7 5.h4 h5 6.Qd2 c5 7.Nf3 O-O 8.Ne5 cxd4 
9.exd4 Bf5 10.f3 Nc6 11.Bb5 Nb4 12.Ba4 Qb6 13.Rc1 Rac8 1/2-1/2

[Event "30. Augsburger Friedensfest-Open"]
[Site "Augsburg"]
[Date "2025.08.09"]
[Round "6.36"]
[White "Kurka, Christopher-Ulrich"]
[Black "Schultes, Christoph Dr."]
[Result "1/2-1/2"]
[WhiteElo "1870"]
[BlackElo "1945"]
[EventDate "2025.08.07"]
[Time "15:30:00"]
[WhiteNrv "1870"]
[BlackNrv "1945"]
[WhiteTwz "1870"]
[BlackTwz "1945"]
[WhiteFideId "16256328"]
[BlackFideId "12905674"]
[WhiteNatFedId "10121751"]
[BlackNatFedId "10201277"]
[WhiteAttr "M"]
[BlackAttr "*"]
[WhiteTeam "Duesseldorfer SK 14/25 e."]
[BlackTeam "SK Landau-Dingolfing"]

1.d4 d5 2.c4 e6 3.Nc3 c6 4.e3 Bd6 5.Bd3 f5 6.Nge2 Nf6 7.Ng3 Ne4 8.Bxe4 
fxe4 9.c5 Be7 10.O-O O-O 11.f3 exf3 12.Rxf3 b6 13.b4 a5 14.Na4 Nd7 15.Bd2 
Rxf3 16.gxf3 axb4 17.Bxb4 Qf8 18.Rc1 Ba6 19.a3 bxc5 20.Nxc5 Nxc5 21.Bxc5 
Bxc5 22.Rxc5 Bb5 23.Rc3 Rxa3 24.Rxa3 Qxa3 25.Qd2 g6 26.Kg2 c5 27.dxc5 Qxc5
28.Qb2 Bd7 29.Qe5 Qe7 30.Qb8+ Kg7 31.Qe5+ Qf6 32.Qc7 Qf7 33.Qe5+ Kg8 34.
Qb8+ Be8 35.Qe5 h6 36.Kf2 Kh7 37.Kg2 Ba4 38.Qd4 Bb3 39.Qe5 Bd1 40.f4 Bc2 
41.Kg1 Bf5 42.Kg2 Qg7 43.Qb8 Qd7 44.Qe5 Qb7 45.Kf2 Bg4 46.Qd4 Qc7 47.Qb2 
h5 48.Qf6 Qc2+ 49.Kg1 Qc1+ 50.Nf1 Qc7 51.Kg2 Qg7 52.Qd8 Qb7 53.Kf2 Bh3 54.
Ng3 Qb2+ 55.Ne2 Bg4 56.Qe7+ Qg7 57.Qd8 Bxe2 58.Kxe2 Qf7 59.Qg5 Kg7 60.Qd8 
Qf6 61.Qc7+ Kh6 62.Qd6 h4 63.h3 g5 64.fxg5+ Kxg5 65.Qb8 Kh6 66.Qe8 e5 67.
Qg8 Qa6+ 68.Kf2 Qf6+ 69.Ke2 d4 70.exd4 exd4 71.Qg4 Qe5+ 72.Kd1 Qh5 73.
Qxh5+ Kxh5 74.Kd2 Kg5 75.Kd3 Kf4 76.Kxd4 1/2-1/2

[Event "30. Augsburger Friedensfest-Open"]
[Site "Augsburg"]
[Date "2025.08.09"]
[Round "6.37"]
[White "Winkelmeier, Alfred"]
[Black "Gruber, Johannes"]
[Result "0-1"]
[WhiteElo "1815"]
[BlackElo "1916"]
[EventDate "2025.08.07"]
[Time "15:30:00"]
[WhiteNrv "1815"]
[BlackNrv "1916"]
[WhiteTwz "1815"]
[BlackTwz "1916"]
[WhiteFideId "4680308"]
[BlackFideId "12915521"]
[WhiteNatFedId "10243648"]
[WhiteAttr "M"]
[BlackAttr "M"]
[WhiteTeam "SV Ilmmuenster"]
[BlackTeam "?"]

1.e4 e5 2.Bc4 Nf6 3.d4 Nxe4 4.dxe5 c6 5.Bxf7+ Kxf7 6.Qf3+ Nf6 7.exf6 Qxf6 
8.Qxf6+ gxf6 9.Nc3 Rg8 10.g3 d5 11.Bd2 Bc5 12.Na4 Re8+ 13.Kf1 Bb6 14.Nxb6 
axb6 15.a3 Bf5 16.c3 Nd7 17.h4 Ne5 18.f3 Nc4 19.Bc1 Re7 20.b3 Na5 21.b4 
Nb3 22.Bb2 Nxa1 23.Bxa1 Rxa3 24.Bb2 Ra2 0-1

[Event "30. Augsburger Friedensfest-Open"]
[Site "Augsburg"]
[Date "2025.08.09"]
[Round "6.38"]
[White "Hofbauer, Bernhard"]
[Black "Schaad, Simon Ulrich Maria"]
[Result "0-1"]
[WhiteElo "1913"]
[BlackElo "1787"]
[EventDate "2025.08.07"]
[Time "15:30:00"]
[WhiteNrv "1913"]
[BlackNrv "1787"]
[WhiteTwz "1913"]
[BlackTwz "1787"]
[WhiteFideId "34666303"]
[BlackFideId "24697036"]
[WhiteNatFedId "10086413"]
[BlackNatFedId "10253400"]
[WhiteAttr "M"]
[BlackAttr "M"]
[WhiteTeam "SK Tarrasch 1945 Muenchen"]
[BlackTeam "SK Keres-Augsburg 1980"]

1.d4 Nf6 2.Nf3 e6 3.e3 b6 4.Bd3 Bb7 5.Nbd2 d5 6.O-O Be7 7.b3 Nbd7 8.Bb2 
O-O 9.Ne5 c5 10.Qe2 Nxe5 11.dxe5 Nd7 12.Qh5 g6 13.Qh3 Qe8 14.f4 f5 15.Nf3 
Rf7 16.Rad1 Nf8 17.c4 d4 18.exd4 Bxf3 19.Qxf3 cxd4 20.Bxd4 Rd8 21.Be3 Bb4 
22.Qf2 Rc8 23.Be2 Rfc7 24.Kh1 Kh8 25.Bf3 Qe7 26.g4 Rd8 27.gxf5 gxf5 28.Rg1
Rxd1 29.Bxd1 Qe8 30.Qg2 Ng6 31.Bh5 Kg7 32.h4 Be7 33.Bf2 Kh6 34.Bxg6 hxg6 
35.h5 Qc6 36.hxg6 Qxg2+ 37.Rxg2 Kg7 38.Be3 Rd7 39.Kg1 Rd3 40.Kf2 Rd8 41.
Ke1 Ba3 42.Rd2 Bb4 43.Kd1 Bxd2 44.Bxd2 Kxg6 45.Kc2 Kf7 46.b4 Ke7 47.Be3 
Kd7 48.a4 Kc6 49.Bd2 Rh8 50.Kb2 Rh3 51.Bc1 Rf3 52.Bd2 a5 53.bxa5 bxa5 54.
Bxa5 Rxf4 55.Kb3 Rf3+ 56.Kb2 Kc5 57.Bc7 Kxc4 58.a5 Kb5 59.Kc2 Ra3 60.Kd2 
Rxa5 61.Bxa5 Kxa5 62.Ke3 Kb5 63.Kd4 Kb4 0-1

[Event "30. Augsburger Friedensfest-Open"]
[Site "Augsburg"]
[Date "2025.08.09"]
[Round "6.39"]
[White "Mohm, Marvin"]
[Black "Hornung, Hans Dr."]
[Result "0-1"]
[WhiteElo "1739"]
[BlackElo "1909"]
[EventDate "2025.08.07"]
[Time "15:30:00"]
[WhiteNrv "1739"]
[BlackNrv "1909"]
[WhiteTwz "1739"]
[BlackTwz "1909"]
[WhiteFideId "34659943"]
[BlackFideId "4615140"]
[WhiteNatFedId "10404202"]
[BlackNatFedId "10089462"]
[WhiteAttr "M"]
[BlackAttr "M"]
[WhiteTeam "SK Koenigsbrunn"]
[BlackTeam "SK Klosterlechfeld"]

1.e4 Nc6 2.d4 d5 3.e5 f6 4.f4 Bf5 5.Nf3 Qd7 6.Be2 O-O-O 7.O-O e6 8.c3 Kb8 
9.b4 h5 10.a4 h4 11.a5 h3 12.g3 Nce7 13.Nbd2 Nh6 14.Nb3 Nc8 15.Nc5 Qf7 16.
Qa4 Bxc5 17.dxc5 Be4 18.a6 d4 19.axb7 Bxb7 20.c6 Ba8 21.Nxd4 Rxd4 22.cxd4 
Nf5 23.Qb5+ Nb6 24.Qa6 Bxc6 25.Qxa7+ Kc8 26.Ba6+ Kd7 27.Bb7 Bb5 28.Rd1 Qh5
29.Bb2 Qe2 30.Rac1 Nc4 31.Qc5 Qe3+ 32.Kh1 c6 33.Bxc6+ Bxc6+ 0-1

[Event "30. Augsburger Friedensfest-Open"]
[Site "Augsburg"]
[Date "2025.08.09"]
[Round "6.40"]
[White "Doebel, Maximilian"]
[Black "Soergel, Thomas"]
[Result "0-1"]
[WhiteElo "1799"]
[BlackElo "2018"]
[EventDate "2025.08.07"]
[Time "15:30:00"]
[WhiteNrv "1799"]
[BlackNrv "2018"]
[WhiteTwz "1799"]
[BlackTwz "2018"]
[WhiteFideId "34650768"]
[BlackFideId "4667980"]
[WhiteNatFedId "10437353"]
[BlackNatFedId "10209978"]
[WhiteAttr "M"]
[BlackAttr "M"]
[WhiteTeam "SF Augsburg"]
[BlackTeam "SK Graefelfing"]

1.e4 e6 2.d4 d5 3.e5 c5 4.c3 Nc6 5.Nf3 Bd7 6.a3 c4 7.Nbd2 Na5 8.Rb1 Bc6 9.
b3 cxb3 10.Nxb3 Ba4 11.Nfd2 Rc8 12.Qf3 b5 13.Bd3 Nc4 14.O-O Nh6 15.Qg3 g6 
16.Nxc4 bxc4 17.Nc5 Rxc5 18.dxc5 cxd3 19.Bg5 Nf5 20.Qf4 Qa5 21.Rb8+ Kd7 
22.Rd8+ Kc7 23.g4 h6 24.Bf6 g5 25.Qc1 Nh4 26.Qb2 Qb5 27.Rb1 Qxb2 28.Rxb2 
d2 0-1

[Event "30. Augsburger Friedensfest-Open"]
[Site "Augsburg"]
[Date "2025.08.09"]
[Round "6.41"]
[White "Stempfle, Tobias"]
[Black "Martin, Michael"]
[Result "0-1"]
[WhiteElo "1746"]
[BlackElo "2005"]
[EventDate "2025.08.07"]
[Time "15:30:00"]
[WhiteNrv "1746"]
[BlackNrv "2005"]
[WhiteTwz "1746"]
[BlackTwz "2005"]
[WhiteFideId "24698482"]
[BlackFideId "4695615"]
[WhiteNatFedId "10215172"]
[BlackNatFedId "10137235"]
[WhiteAttr "M"]
[BlackAttr "M"]
[WhiteTeam "SC Garching 1980 e.V."]
[BlackTeam "SAbt TSV Haunstetten"]

1.d4 d5 2.c4 e6 3.Nc3 c6 4.e4 dxe4 5.Nxe4 Bb4+ 6.Nc3 Nf6 7.Nf3 O-O 8.Bd3 
c5 9.Be3 Qa5 10.Bd2 Qd8 11.Be3 cxd4 12.Nxd4 e5 13.Nc2 Bg4 14.f3 Bxc3+ 15.
bxc3 Be6 16.O-O Qc7 17.Qe2 Rd8 18.Rfb1 Na6 19.Na3 Qd6 20.Bxh7+ Nxh7 21.Nb5
Qd3 22.Qxd3 Rxd3 23.Bxa7 Bxc4 24.Bf2 Nf8 25.Be1 Ne6 26.Na3 Bd5 27.Nc2 Nf4 
28.Kf2 Rd8 29.a4 Bc6 30.Nb4 Nxb4 31.cxb4 e4 32.b5 Bd5 33.fxe4 Bxe4 34.Rb4 
f5 35.a5 Rd1 36.Rxd1 Rxd1 37.Bc3 Nd5 38.Rxe4 fxe4 39.Be1 Rb1 40.b6 Kf7 41.
h4 Ke6 42.g4 Ke5 43.Ke2 Kf4 44.g5 g6 45.Bd2+ Kg4 46.Be1 Rb2+ 47.Kf1 Kf3 
48.Kg1 Rb1 49.Kf1 Ne3+ 0-1

[Event "30. Augsburger Friedensfest-Open"]
[Site "Augsburg"]
[Date "2025.08.09"]
[Round "6.42"]
[White "Hoeller, Armin"]
[Black "Mittermaier, Johann"]
[Result "1-0"]
[WhiteElo "1976"]
[BlackElo "1828"]
[EventDate "2025.08.07"]
[Time "15:30:00"]
[WhiteNrv "1976"]
[BlackNrv "1828"]
[WhiteTwz "1976"]
[BlackTwz "1828"]
[WhiteFideId "24651923"]
[BlackFideId "16208382"]
[WhiteNatFedId "10085787"]
[BlackNatFedId "10144722"]
[WhiteAttr "M"]
[BlackAttr "M"]
[WhiteTeam "SK Weilheim e.V."]
[BlackTeam "SV Deggendorf"]

1.c4 c6 2.Nf3 d5 3.g3 Nf6 4.Bg2 Bf5 5.O-O e6 6.d4 h6 7.Nc3 Be7 8.Nd2 O-O 
9.e4 dxe4 10.Ndxe4 Nxe4 11.Nxe4 Nd7 12.Qb3 Qb6 13.Qxb6 Nxb6 14.b3 Rfd8 15.
Bb2 a5 16.a4 Nd7 17.Rad1 Nf6 18.f3 Rd7 19.Bc3 b6 20.Rd2 Rad8 21.Rfd1 Bg6 
22.h3 Nh5 23.f4 c5 24.Kh2 cxd4 25.Rxd4 Rxd4 26.Rxd4 Nf6 27.Rxd8+ Bxd8 28.
Nd6 Bc2 29.Nb7 Bc7 30.c5 Bxb3 31.Bc6 Nd5 32.cxb6 Bxb6 33.Bxa5 Bxa5 34.Nxa5
Bc2 35.Nb7 Nb4 36.Bb5 Bd3 37.Bxd3 Nxd3 38.Kg2 Kf8 39.Kf3 Ke7 40.Ke3 Nb4 
41.Kd4 Nc6+ 42.Kc5 Kd7 43.Kb6 f6 44.Nc5+ Kd6 45.Nxe6 1-0

[Event "30. Augsburger Friedensfest-Open"]
[Site "Augsburg"]
[Date "2025.08.09"]
[Round "6.43"]
[White "Haselbeck, Franz"]
[Black "Holuba, Stefan"]
[Result "1-0"]
[WhiteElo "1931"]
[BlackElo "1736"]
[EventDate "2025.08.07"]
[Time "15:30:00"]
[WhiteNrv "1931"]
[BlackNrv "1736"]
[WhiteTwz "1931"]
[BlackTwz "1736"]
[WhiteFideId "1270356"]
[BlackFideId "34667520"]
[WhiteNatFedId "10075444"]
[BlackNatFedId "10088445"]
[WhiteAttr "M"]
[BlackAttr "M"]
[WhiteTeam "SV Deggendorf"]
[BlackTeam "SK Caissa Augsburg"]

1.Nf3 c5 2.g3 Nc6 3.Bg2 f5 4.O-O Nf6 5.d3 d6 6.Nbd2 e5 7.e4 Be7 8.c3 fxe4 
9.dxe4 Be6 10.Ng5 Qd7 11.Nxe6 Qxe6 12.Qe2 O-O 13.Nf3 h6 14.Nh4 Rf7 15.Nf5 
Bf8 16.Rd1 Rd8 17.Bh3 Kh7 18.Nxh6 1-0

[Event "30. Augsburger Friedensfest-Open"]
[Site "Augsburg"]
[Date "2025.08.09"]
[Round "6.44"]
[White "Schreck, Alexander"]
[Black "Lohr, Alexander"]
[Result "0-1"]
[WhiteElo "1869"]
[BlackElo "1692"]
[EventDate "2025.08.07"]
[Time "15:30:00"]
[WhiteNrv "1869"]
[BlackNrv "1692"]
[WhiteTwz "1869"]
[BlackTwz "1692"]
[WhiteFideId "1271739"]
[BlackFideId "16297865"]
[WhiteNatFedId "10198594"]
[BlackNatFedId "10578753"]
[WhiteAttr "M"]
[BlackAttr "M"]
[WhiteTeam "Godesberger SK 1929 e. V"]
[BlackTeam "FC Ergolding 1932 e.V."]

1.d4 Nf6 2.Nf3 d5 3.c4 e6 4.Nc3 Be7 5.Bf4 O-O 6.e3 c5 7.dxc5 Bxc5 8.a3 
dxc4 9.Bxc4 a6 10.Qe2 b5 11.Bd3 Bb7 12.O-O Nbd7 13.Rfd1 Qb6 14.b4 Be7 15.
e4 Rac8 16.Rac1 Qa7 17.e5 Nd5 18.Nxd5 Bxd5 19.Ng5 Bxg5 20.Bxg5 Rxc1 21.
Rxc1 Qd4 22.Be7 Re8 23.Bd6 Qf4 24.Rc7 Nb6 25.Bxb5 axb5 26.Qxb5 Ra8 27.Qxb6
Qe4 28.f3 Qe1# 0-1

[Event "30. Augsburger Friedensfest-Open"]
[Site "Augsburg"]
[Date "2025.08.09"]
[Round "6.45"]
[White "Elsinga, Brian"]
[Black "Pieczka, Kevin"]
[Result "1/2-1/2"]
[WhiteElo "1851"]
[BlackElo "1725"]
[EventDate "2025.08.07"]
[Time "15:30:00"]
[WhiteNrv "1851"]
[BlackNrv "1725"]
[WhiteTwz "1851"]
[BlackTwz "1725"]
[WhiteFideId "1089439"]
[BlackFideId "12968072"]
[BlackNatFedId "10272131"]
[WhiteAttr "M"]
[BlackAttr "M"]
[WhiteTeam "?"]
[BlackTeam "SV Jedesheim 1921"]

1.c4 c5 2.Nf3 Nc6 3.e3 Nf6 4.d4 cxd4 5.exd4 d5 6.Nc3 g6 7.Bg5 Be6 8.Bxf6 
exf6 9.c5 Bg7 10.Bb5 Bg4 11.h3 Bxf3 12.Qxf3 O-O 13.Bxc6 bxc6 14.O-O Rb8 
15.Rab1 f5 16.Qd3 Rb4 17.Ne2 Qc7 18.a3 Rb7 19.b4 Re8 20.b5 cxb5 21.Rxb5 
Rxb5 22.Qxb5 Rb8 23.Qd3 Qe7 24.Nf4 Qe4 25.Qxe4 fxe4 26.Nxd5 Bxd4 27.c6 Kf8
28.c7 Rc8 29.Rb1 Bb6 30.Nxb6 axb6 31.Rxb6 Rxc7 32.Rb1 Ra7 1/2-1/2

[Event "30. Augsburger Friedensfest-Open"]
[Site "Augsburg"]
[Date "2025.08.09"]
[Round "6.47"]
[White "Boehm, Bruno"]
[Black "Fridlin, Daniel"]
[Result "1/2-1/2"]
[WhiteElo "1848"]
[BlackElo "1770"]
[EventDate "2025.08.07"]
[Time "15:30:00"]
[WhiteNrv "1848"]
[BlackNrv "1770"]
[WhiteTwz "1848"]
[BlackTwz "1770"]
[WhiteFideId "4699238"]
[BlackFideId "34602763"]
[WhiteNatFedId "10019158"]
[BlackNatFedId "10723898"]
[WhiteAttr "M"]
[BlackAttr "M"]
[WhiteTeam "SK Freising"]
[BlackTeam "SC Noris-Tarrasch Nuernberg 1873"]

1.d4 Nf6 2.c4 g6 3.Nc3 Bg7 4.e4 d6 5.Be2 O-O 6.Bg5 c5 7.d5 a6 8.a4 Qc7 9.
h4 e6 10.Nf3 exd5 11.exd5 Bf5 12.O-O Nbd7 13.Ra2 Ng4 14.Nh2 Nxh2 15.Kxh2 
Nf6 16.f3 Rfe8 17.g4 Bd7 18.Qd2 Rab8 19.Qf4 Nxg4+ 20.Kh1 Ne3 21.Rg1 Nf5 
22.Ne4 Kh8 23.b3 Rf8 24.Bf6 Bxf6 25.Nxf6 Qd8 26.Nxd7 Qxd7 27.Bd1 Rbe8 28.
h5 Ng7 29.Rh2 Qf5 30.Qxd6 Nxh5 31.Qxc5 Qf4 32.Qf2 Re5 1/2-1/2

[Event "30. Augsburger Friedensfest-Open"]
[Site "Augsburg"]
[Date "2025.08.09"]
[Round "6.48"]
[White "Schaefer, Ann-Kathrin"]
[Black "Turba, Raffael"]
[Result "1-0"]
[WhiteElo "1791"]
[BlackElo "1752"]
[EventDate "2025.08.07"]
[Time "15:30:00"]
[WhiteNrv "1791"]
[BlackNrv "1752"]
[WhiteTwz "1791"]
[BlackTwz "1752"]
[WhiteFideId "24615412"]
[BlackFideId "34612980"]
[WhiteNatFedId "10186026"]
[BlackNatFedId "10740124"]
[WhiteAttr "W"]
[BlackAttr "*"]
[WhiteTeam "SC JAeKLECHEMIE Talente Franken e"]
[BlackTeam "SK 1926 Noerdlingen-Ries"]

1.d4 d5 2.Nf3 c6 3.e3 e6 4.Bd3 f5 5.O-O Nf6 6.b3 Bd6 7.Ba3 Bxa3 8.Nxa3 Qd6
9.Nb1 Nbd7 10.c4 O-O 11.c5 Qc7 12.Ng5 Re8 13.f4 Ne4 14.Nxh7 Qd8 15.Qh5 
Ndf6 16.Nxf6+ Nxf6 17.Qg6 Qe7 18.Rf3 Qf7 19.Qg5 Qh5 20.Qg3 Ne4 21.Qe1 Rf8 
22.Rh3 Qg4 23.Be2 Qg6 24.Qh4 Nf6 25.Nd2 Bd7 26.Nf3 1-0

[Event "30. Augsburger Friedensfest-Open"]
[Site "Augsburg"]
[Date "2025.08.09"]
[Round "6.49"]
[White "Turba, Vincent"]
[Black "Laag, Pascal Benedikt"]
[Result "1-0"]
[WhiteElo "1668"]
[BlackElo "1760"]
[EventDate "2025.08.07"]
[Time "15:30:00"]
[WhiteNrv "1668"]
[BlackNrv "1760"]
[WhiteTwz "1668"]
[BlackTwz "1760"]
[WhiteFideId "34612998"]
[BlackFideId "16256069"]
[WhiteNatFedId "10740126"]
[BlackNatFedId "10591865"]
[WhiteAttr "M"]
[BlackAttr "*"]
[WhiteTeam "SK 1926 Noerdlingen-Ries"]
[BlackTeam "SK Zweibruecken"]

1.d4 Nf6 2.Bf4 c5 3.d5 e6 4.Nc3 d6 5.e4 Be7 6.Bb5+ Kf8 7.a4 exd5 8.exd5 
Na6 9.Bxa6 bxa6 10.Nf3 Rb8 11.b3 Nh5 12.Bd2 Bf6 13.O-O g6 14.Rb1 Bg7 15.h3
Nf6 16.Bg5 h6 17.Bxf6 Bxf6 18.Ne4 Be7 19.Nfd2 Kg7 20.Nc4 a5 21.Re1 f5 22.
Ned2 Bf6 23.Qe2 Rb7 24.Qd3 Kf7 25.Re2 Re8 26.Rxe8 Kxe8 27.Qg3 Kf7 28.Nxd6+
Kg7 29.Nxb7 Bxb7 30.c4 Qe7 31.Nf3 Bc3 32.Nh4 Qxh4 33.Qxh4 g5 34.Qg3 Be5 
35.Qxe5+ 1-0

[Event "30. Augsburger Friedensfest-Open"]
[Site "Augsburg"]
[Date "2025.08.10"]
[Round "7.1"]
[White "Arun Kataria"]
[Black "Poetsch, Hagen"]
[Result "1-0"]
[WhiteElo "2308"]
[BlackElo "2479"]
[EventDate "2025.08.07"]
[Time "09:30:00"]
[WhiteNrv "2308"]
[BlackNrv "2479"]
[WhiteTwz "2308"]
[BlackTwz "2479"]
[WhiteTitle "FM"]
[BlackTitle "GM"]
[WhiteFideId "46630368"]
[BlackFideId "24615137"]
[BlackNatFedId "10165992"]
[WhiteAttr "M"]
[BlackAttr "M"]
[WhiteTeam "?"]
[BlackTeam "SC Heusenstamm"]

1.e4 c5 2.Nf3 d6 3.d4 cxd4 4.Nxd4 Nf6 5.Bd3 Nc6 6.Nxc6 bxc6 7.O-O g6 8.b3 
Bg7 9.Bb2 O-O 10.Nd2 a5 11.a4 Nd7 12.Bxg7 Kxg7 13.Qc1 Nc5 14.Qb2+ f6 15.
Be2 Qb6 16.Qc3 Ne6 17.Nf3 Nf4 18.Bc4 d5 19.Qe3 Qxe3 20.fxe3 Nh3+ 21.gxh3 
dxc4 22.bxc4 Ba6 23.Nd2 Rad8 24.Rfd1 f5 25.Nb3 fxe4 26.Nxa5 Rxd1+ 27.Rxd1 
Rf3 28.Rd7 Rxe3 29.Rxe7+ Kf6 30.Rc7 Rf3 31.Rxc6+ Ke5 32.Rxa6 e3 33.Ra8 Kd4
34.Re8 Kc3 35.Kg2 Rf2+ 36.Kg3 Kb4 37.Rxe3 Rxc2 38.Nb7 Kxa4 39.c5 Kb5 40.
Re6 1-0

[Event "30. Augsburger Friedensfest-Open"]
[Site "Augsburg"]
[Date "2025.08.10"]
[Round "7.3"]
[White "Boehme, Markus"]
[Black "Blodig, Vincent"]
[Result "1-0"]
[WhiteElo "2212"]
[BlackElo "2054"]
[EventDate "2025.08.07"]
[Time "09:30:00"]
[WhiteNrv "2212"]
[BlackNrv "2054"]
[WhiteTwz "2212"]
[BlackTwz "2054"]
[WhiteFideId "12946850"]
[BlackFideId "16297857"]
[WhiteNatFedId "10259261"]
[BlackNatFedId "10680650"]
[WhiteAttr "M"]
[BlackAttr "M"]
[WhiteTeam "SC Uttenreuth e.V."]
[BlackTeam "SF Augsburg"]

1.e4 e5 2.Nf3 Nc6 3.Nc3 Nf6 4.Bb5 Bb4 5.O-O O-O 6.d4 exd4 7.Nd5 Be7 8.Re1 
d6 9.Nxe7+ Qxe7 10.Nxd4 Nxd4 11.Qxd4 a6 12.Bf1 h6 13.Bf4 Nd7 14.a4 b6 15.
Ra3 Kh7 16.Rg3 f6 17.e5 Bb7 18.exf6 Qxf6 19.Qxf6 Nxf6 20.Bd3+ Kh8 21.Re7 
Nh5 22.Bxh6 Rfe8 23.Rxe8+ Rxe8 24.Re3 Bc6 25.Rxe8+ Bxe8 26.Bg5 Bxa4 27.b3 
Bb5 28.Bxb5 axb5 29.g4 Nf6 30.Bxf6 gxf6 31.f4 b4 32.Kf2 d5 33.Ke3 c5 34.f5
Kg7 35.h4 Kf7 36.g5 Kg7 37.Kf4 Kf7 38.Kf3 Kg7 39.Ke3 Kf8 40.Kf4 Kf7 41.
gxf6 Kxf6 42.h5 Kg7 43.Ke5 d4 44.f6+ Kf7 45.h6 Kg6 46.Ke6 d3 47.cxd3 1-0

[Event "30. Augsburger Friedensfest-Open"]
[Site "Augsburg"]
[Date "2025.08.10"]
[Round "7.4"]
[White "Duong, Quang Bach"]
[Black "Hoepfl, Thomas Dr."]
[Result "1/2-1/2"]
[WhiteElo "2234"]
[BlackElo "2194"]
[EventDate "2025.08.07"]
[Time "09:30:00"]
[WhiteNrv "2234"]
[BlackNrv "2194"]
[WhiteTwz "2234"]
[BlackTwz "2194"]
[BlackTitle "FM"]
[WhiteFideId "16287045"]
[BlackFideId "4615182"]
[WhiteNatFedId "10626174"]
[BlackNatFedId "10086024"]
[WhiteAttr "M"]
[BlackAttr "M"]
[WhiteTeam "SF Augsburg"]
[BlackTeam "SV Saalespringer Halle"]

1.e4 e5 2.Nf3 Nc6 3.Bc4 Nf6 4.Ng5 d5 5.exd5 Na5 6.Bb5+ c6 7.dxc6 bxc6 8.
Qf3 Be7 9.Bd3 O-O 10.Nc3 h6 11.Nge4 Nd5 12.Ng3 Nb4 13.Nf5 Bg5 14.h4 Nxd3+ 
15.cxd3 Bxf5 16.Qxf5 Bxh4 17.b4 Nb7 18.Ne4 Bg5 19.Bb2 Re8 20.Rc1 Nd6 21.
Qf3 Nxe4 22.Qxe4 a5 23.Rxc6 axb4 24.O-O Rxa2 25.Bxe5 Ra5 26.f4 Be7 27.Rfc1
Ra8 28.Qc4 Qd7 29.Rc7 Qf5 30.d4 Rad8 31.Qc6 b3 32.Qb5 Rb8 33.Rb7 Rxb7 34.
Qxb7 Ba3 35.Rc3 b2 36.d3 Qg4 37.Rb3 Rc8 38.Rxb2 Bxb2 39.Qxb2 Qd1+ 40.Kh2 
Rc2 41.Qb8+ Kh7 42.Qb7 Qh5+ 43.Kg1 Rc1+ 44.Kf2 Qh4+ 45.Kf3 Qh5+ 46.Kf2 
Rc2+ 47.Kg1 Qh4 48.Qe4+ g6 49.Qe3 Rb2 50.Qh3 Rb1+ 51.Kh2 Qxh3+ 52.Kxh3 Rd1
53.Kg4 Rxd3 54.Bf6 Kg8 55.f5 Kf8 56.Kf4 gxf5 57.g3 Ke8 58.Be5 Ke7 59.Kxf5 
Rd1 60.Bg7 Rd3 61.Be5 Rd2 62.Bg7 h5 63.Bf6+ Kd6 64.Be5+ Kd5 65.Kf6 Rf2+ 
66.Kg5 Ke4 67.Kxh5 Rf5+ 68.Kh6 f6 69.Bf4 Kxd4 70.Kg7 Kd5 71.Kf7 Kd4 72.Kg7
Kd5 73.Kf7 Ke4 74.Kg6 Ra5 75.Kxf6 Ra6+ 76.Kg5 Ra8 77.Kf6 Ra6+ 78.Kg5 Rc6 
79.Kg4 Rg6+ 80.Kh5 Kf5 81.Kh4 Rg8 82.Kh3 Rh8+ 83.Kg2 Kg4 84.Kf2 Re8 85.Bc7
Rc8 86.Bf4 Rc3 87.Bb8 Kf5 88.Bf4 Ke4 89.Kg2 Rb3 90.Kh3 Rb2 91.Kg4 Rb7 92.
Kg5 Rb6 93.Kg4 Rg6+ 94.Kh5 Kf5 95.Kh4 Rg4+ 96.Kh3 Rg8 97.Kg2 Ke4 98.Kh3 
Kf3 99.Kh4 Rg4+ 100.Kh3 Rxf4 101.gxf4 Kxf4 1/2-1/2

[Event "30. Augsburger Friedensfest-Open"]
[Site "Augsburg"]
[Date "2025.08.10"]
[Round "7.6"]
[White "Kamenskyi, Dmytro"]
[Black "Garcia Ramos, Marcos"]
[Result "1/2-1/2"]
[WhiteElo "2049"]
[BlackElo "2180"]
[EventDate "2025.08.07"]
[Time "09:30:00"]
[WhiteNrv "2049"]
[BlackNrv "2180"]
[WhiteTwz "2049"]
[BlackTwz "2180"]
[WhiteFideId "34123466"]
[BlackFideId "2237601"]
[WhiteNatFedId "10745791"]
[BlackNatFedId "10282965"]
[WhiteAttr "M"]
[BlackAttr "M"]
[WhiteTeam "SK Kriegshaber"]
[BlackTeam "SC 1934 Gelnhausen"]

1.e4 e5 2.Nf3 Nc6 3.Nc3 Nf6 4.Bb5 Nd4 5.O-O Nxb5 6.Nxb5 c6 7.Nc3 d6 8.d4 
Qc7 9.Bg5 Be7 10.h3 h6 11.Bxf6 Bxf6 12.d5 Bd7 13.a4 O-O 14.a5 c5 15.Qd3 c4
16.Qd2 Rfc8 17.Ra2 Kh7 18.Qe3 g6 19.Qe2 Be7 20.Nd2 f5 21.Rb1 f4 22.b3 cxb3
23.Rxb3 g5 24.Rab2 Rab8 25.Nb5 Qc5 26.Qh5 Kg7 27.Rc3 Qxc3 28.Nxc3 Rxc3 29.
Qd1 Bd8 30.Qa1 Rc5 31.Nb3 Rc4 32.Qa3 Bc7 33.Nd2 Ra4 34.Qd3 Bxa5 35.c4 Bb4 
36.Kh2 b6 37.Qc2 Bc5 38.Ra2 Rxa2 39.Qxa2 a5 40.Nb1 a4 41.Na3 Kf6 42.Qb2 h5
43.Nb5 Ra8 44.Na3 g4 45.h4 Bxf2 46.g3 fxg3+ 47.Kg2 Rg8 48.Nb5 Bc5 49.Nxd6 
a3 50.Qb1 a2 51.Qf1+ Bf2 52.Qc1 Ke7 53.Nb7 Rg6 54.Qa3+ Kf7 55.Qxa2 Rf6 56.
Qd2 Bd4 57.Qg5 Rf2+ 58.Kxg3 Rf3+ 59.Kg2 1/2-1/2